| 000 | 00797nam a22002297a 4500 | ||
|---|---|---|---|
| 999 |
_c13406 _d13406 |
||
| 008 | 190311b ||||| |||| 00| 0 eng d | ||
| 020 | _a9781909254077 | ||
| 082 |
_22013 _aAV-CD 398.209691 _bL477 |
||
| 100 |
_aHaring, Lee . _937484 |
||
| 245 |
_aHow to Read a Folktale : _bthe Ibonia epic from Madagascar / _cLee Haring. |
||
| 250 | _aFourth Edition | ||
| 260 |
_bOpen Book Publishers, _c©2013. |
||
| 300 | _a166 pages; | ||
| 440 |
_aWorld Oral Literature Series _937485 |
||
| 500 | _aIncludes index. | ||
| 650 |
_aFolklore -- Madagascar. _937486 |
||
| 650 |
_aMythology, Malagasy. _937487 |
||
| 650 |
_aTales -- Madagascar. _937488 |
||
| 700 |
_aHaring, Lee . _937484 |
||
| 856 | _yhttps://ebookcentral.proquest.com/lib/uniofmindanao-ebooks/detail.action?docID=3384128 | ||
| 942 |
_2ddc _cEB |
||